Guess The Year of these Events! - Statistics

General Stats
  • This quiz has been taken 46 times
  • The average score is 18 of 28
Answer Stats
Hint Answer % Correct
Start of WW1 1914
98%
Start of WW2 1939
88%
End of WW2 1945
88%
End of WW1 1918
86%
Fall of the Berlin Wall 1989
84%
The COVID-19 pandemic is declared 2020
84%
Charlie Kirk's assassination 2025
79%
Apollo 11 Moon Landing 1969
77%
9/11 terrorist attacks 2001
77%
Michael Jackson's death 2009
77%
John F Kennedy's assassination 1963
74%
The first iPhone release 2007
74%
The assassination of Osama bin Laden 2011
74%
Adolf Hitler becomes Chancellor of Germany 1933
70%
The dissolution of the Soviet Union 1991
70%
Princess Diana's death 1997
65%
Wright brothers conduct first powered flight 1906
63%
Start of the American Civil War 1861
56%
Founding of NATO 1949
56%
Abraham Lincon's assassination 1865
53%
First FIFA World Cup held in Uruguay 1930
53%
Separation of the Koreas 1948
53%
India gains independence from British rule 1947
51%
First modern Olympic Games held in Athens 1896
49%
Napoleon's death 1815
37%
Marie and Pierre Curie discover polonium and radium 1898
28%
Julius Caesar's assassination 44 BC
19%
Black Death arrives in Europe 1347
9%
No matching quizzes found
Score Distribution
Percent of People with Each Score
Percentile by Number Answered
Your Score History
You have not taken this quiz